Normal view MARC view

Entry Genre/Form Term

Number of records used in: 1

001 - CONTROL NUMBER

  • control field: 33366

003 - CONTROL NUMBER IDENTIFIER

  • control field: dpl

005 - DATE AND TIME OF LATEST TRANSACTION

  • control field: 20110823135945.0

008 - FIXED-LENGTH DATA ELEMENTS

  • fixed length control field: 110823|||a|||||| | ||| d

040 ## - CATALOGING SOURCE

  • Original cataloging agency: dpl
  • Transcribing agency: dpl

155 ## - HEADING--GENRE/FORM TERM

  • Genre/form term: Feature films.

670 ## - SOURCE DATA FOUND

  • Source citation: Work cat.: (dpl)0: Gumrah /, 2010.

670 ## - SOURCE DATA FOUND

  • Source citation: Work cat.: (dpl)0: Gumrah /, 2010.

© Delhi Public Library
Hit Counter
free hit counter